Gebergten in Europa - Statistieken

Algemene statistieken
  • Deze quiz is 164 keer genomen
  • De gemiddelde score is 6 van 37
Antwoordstatistieken
Hint Antwoord % Correct
Duitsland, Frankrijk, Italië, Liechtenstein,Monaco, Oostenrijk,Slovenië, Zwitserland Alpen
98%
Frankrijk, Spanje, Andorra Pyreneeën
69%
Rusland Oeral
59%
België, Frankrijk, Luxemburg Ardennen
52%
Rusland, Georgië, Azerbeijan (Deels in Azië) Kaukasus
49%
Polen, Tsjechië, Slowakije, Oekraïne, Roemenië Karpaten
45%
Italië Apennijnen
37%
Bulgarije, Servië, Montenegro, Noord-Macedonië, Albanië, Griekenland Balkan Gebergte
24%
Frankrijk Vogezen
23%
Frankrijk Centraal massief
21%
Noorwegen, Zweden Scandinavisch Hoogland
20%
Schotland Schotse Hooglanden
20%
Duitsland Zwarte Woud
19%
Frankrijk, Zwitserland Jura
17%
Duitsland, België Eifel
15%
Spanje Sierra Nevada
14%
Kroatië, Bosnië en Herzegovina, Montenegro, Albanië Dinarische Alpen
12%
Duitsland Harz
8%
Duitsland, Tsjechië Ertsgebergte
7%
Duitsland, Polen, Tsjechië Sudeten
6%
Spanje Cantabrisch Gebergte
4%
Bulgarije Pirin
4%
Duitsland, Polen, Tsjechië Reuzengebergte
4%
Kreta Idagebergte
3%
Griekenland Pindosgebergte
3%
Bulgarije Rilagebergte
3%
Oekraïne Krimgebergte
2%
Engeland Penninisch Gebergte
2%
Spanje, Portugal Castiliaans Scheidingsgebergte
1%
Frankrijk Morvan
1%
Bulgarije Rodopegebergte
1%
Frankrijk Alpilles
0%
Schotland Cairngorms
0%
Frankrijk Dentelles de Montmirail
0%
Finland Kareliden
0%
Spanje Sierra Morena
0%
Wales Snowdon Mountains
0%
Geen overeenkomende quizzen gevonden
Scoreverdeling
Procent van Mensen met Elke Score
Percentiel versus Aantal Correcte Antwoorden
Uw Scoregeschiedenis
U heeft deze quiz nog niet genomen